UBT Library

Personal financial planning / (Record no. 1336)

000 -LEADER
fixed length control field 00526nam a22001937a 4500
008 - FIXED-LENGTH DATA ELEMENTS--GENERAL INFORMATION
fixed length control field 151022b xxu||||| |||| 00| 0 eng d
020 ## - INTERNATIONAL STANDARD BOOK NUMBER
International Standard Book Number 003075481X
041 0# - LANGUAGE CODE
Language code of text/sound track or separate title eng
080 ## - UNIVERSAL DECIMAL CLASSIFICATION NUMBER
Universal Decimal Classification number 336
100 1# - Rafti
Rafti Gitman, Lawrence J.
245 10 - TITLE STATEMENT
Title Personal financial planning /
Statement of responsibility, etc Lawrence J. Gitman, Michael D. Joehnk.
250 ## -
-- 6th ed.
260 ## -
-- Fort Worth :
-- Dryden Press,
-- 1993.
300 ## -
-- xxi, 740 f. :
-- me il.;
-- 27 cm.
650 #0 -
-- Financa
650 #0 -
-- Personale
700 1# -
-- Joehnk, Michael D.
942 ## - ADDED ENTRY ELEMENTS (KOHA)
Source of classification or shelving scheme
Item type Books
Holdings
Withdrawn status Lost status Source of classification or shelving scheme Damaged status Not for loan Collection code Permanent location Current location Shelving location Date acquired Total Checkouts Full call number Barcode Date last seen Koha item type
          Koleksioni i përgjithshem UBT - Lipjan UBT - Lipjan Koleksioni i përgjithshem 10/22/2015   336 GIT 002-008735 10/22/2015 Books
UBT Library © 2015-2024. All rights reserved University Education for Business and Technology